Normal view
MARC view
Entry Personal Name
001 - CONTROL NUMBER
- control field: 18034
003 - CONTROL NUMBER IDENTIFIER
- control field: OSt
005 - DATE AND TIME OF LATEST TRANSACTION
- control field: 20200305151916.0
008 - FIXED-LENGTH DATA ELEMENTS
- fixed length control field: 200305|| aca||aabn | a|a d
040 ## - CATALOGING SOURCE
- Original cataloging agency: OSt
- Transcribing agency: OSt
100 ## - HEADING--PERSONAL NAME
- Personal name: Owen King
- Relator term: author
670 ## - SOURCE DATA FOUND
- Source citation: Work cat.: (OSt): King, Stephen 18030, Sleeping beauties /, 2007